00744nam a2200169Ia 4500008004100000041001200041082001600053100001800069245006500087260003400152300000800186650001600194942000700210999001500217952017100232952017100403221030s9999 xx 000 0 und d aEnglish a105.23bJot aN. D. Jotwani 0aFundamentals Of Programing with Fortran 77cby N. D. Jotwani bCharotar PubaNew Delhic1990 a216 aBE Computer cBK c6690d6690 pBE 2056g80.00l0o105.23 Jotr2024-06-13 00:00:00w2022-10-30yBK003Print4070aMIETLIBbMIETLIBcBL-Academic Block C, FL-2, CUP-107, SH-4, R-4d2000-10-0510HBE pBE 2057g80.00l0o105.23 Jotr2024-06-13 00:00:00w2022-10-30yBK003Print4070aMIETLIBbMIETLIBcBL-Academic Block C, FL-2, CUP-107, SH-4, R-4d2000-10-0510HBE